• 首页
  • 本馆介绍
  • 公告通知
  • 最新文献
  • 馆藏检索
  • 电子资源
  • 读者导购
  • 参考咨询
  • 我的图书馆
  • 登录
  • 详细信息显示
  • 放入我的书架
  • 预约/预借图书
  • 作者相关作品
  • 分类相关作品
  • 丛书相关作品
  • 出版社相关作品

书目信息

  • 表格格式
  • 工作单格式
  • 卡片格式
题名:
怎样为歌曲配风琴伴奏
    
 
作者: 陈凤祥 编著
分册:  
出版信息: 上海   上海文艺出版社  1980
页数: 83页
开本: 19cm
丛书名:
单 册:
中图分类: J624.26
科图分类:
主题词: 风琴-伴奏 , 伴奏-风琴
电子资源:
ISBN:
000 00643nam0 2200241 45
001 0180000488
005 20060817105112.06
010    @dCNY0.24
091    @aCN@b8078.3178
100    @a19950629d1980 em y0chiy0121 ea
101 0  @achi
102    @aCN@b310000
105    @ag z 000yy
200 10 @a怎样为歌曲配风琴伴奏@Azen yang wei ge qu pei feng qin ban zou@f陈凤祥编著
210    @a上海@c上海文艺出版社@d1980
215    @a83页@d19cm
606    @a风琴-伴奏
606    @a伴奏-风琴
690    @aJ624.26@v3
701  0 @a陈凤祥@Achen feng xiang@4编著
801  2 @aCN@bNLC@c20060817
801  0 @aCN@bTSSF
905    @a10447@dJ624.26@e135
    
    怎样为歌曲配风琴伴奏/陈凤祥编著.-上海:上海文艺出版社,1980
    83页;19cm
    
    
    ISBN :CNY0.24
    
●
相关链接 在E读中查询图书 在五车中查询图书 在当当中查询图书 在豆瓣中查询图书


正题名:怎样为歌曲配风琴伴奏     索取号:J624.26/135         预约/预借

序号 登录号 条形码 馆藏地/架位号 状态 备注
1 0466215   204662150   密集书库/ [索取号:J624.26/135] 在馆    
2 0466216   204662169   密集书库/ [索取号:J624.26/135] 在馆    
3 0466217   204662178   密集书库/ [索取号:J624.26/135] 在馆    
唐山师范学院图书馆 欢迎您!
大连网信软件有限公司© 版权所有